00652nam a2200229 a 4500001001300000003000900013005001700022008004100039020001000080082001400090245002400104260004700128300000800175500003500183505001300218650001300231710003300244902000800277942000700285952011500292999001500407nice12345678IN_TiNIC20260116012354.0050524s1978 sina grp 000 0 eng  ac10000a266bCCA5 aSuffering and Hope. aSingapurbChristian Conference Indiac1978 a83p aincludes index and biblioraphy2 aAppendix aMissions2 aChristian Conference of Asia bSRS cBK 001040708StackRoom-aHMIbHMId2007-07-11g100.00l0o266 CCA5p012641r2007-07-11v100.00w2005-05-24yBK c6748d6748